| 000 | 00701nam a22002292 4500 | ||
|---|---|---|---|
| 001 | 0000008420 | ||
| 005 | 20151217145840.0 | ||
| 008 | 080411s xx 000 0 eng d | ||
| 020 |
_a8131502635 : _cKES 3100 |
||
| 040 |
_aKABU _cKABU |
||
| 100 | 1 |
_aFarrell, Joyce. _@0000158983 |
|
| 245 | 1 | 0 |
_aProgramming logic and design / _cJoyce Farrell. |
| 250 | _a4th ed. | ||
| 260 |
_aNew Delhi : _bThomson Learning, _c2007. |
||
| 300 | _axvi, 671, [53] p. | ||
| 650 | 0 |
_aLogic programming. _@0000155010 |
|
| 650 | 0 |
_aLogic design. _@0000156421 |
|
| 908 | _a080411 | ||
| 950 | _@1 | ||
| 999 |
_c3260 _d3260 |
||